[Event "Mittelrhein Verbandsliga-S 17/18"]
[Site "Nordrheinwestfalen"]
[Date "2018.05.06"]
[Round "11.6"]
[White "Mersch, Peter Daniel"]
[Black "Kinnert, Dieter"]
[Result "0-1"]
[WhiteElo "1734"]
[BlackElo "1810"]
[PlyCount "55"]
[EventDate "2017.09.10"]
[EventType "team-tourn"]
[EventRounds "11"]
[EventCountry "GER"]
[SourceTitle "EXT 2022"]
[Source "ChessBase"]
[SourceDate "2021.10.06"]
[SourceVersion "1"]
[SourceVersionDate "2021.10.06"]
[SourceQuality "1"]
[WhiteTeam "Koeln SF III"]
[BlackTeam "Troisdorf"]
[WhiteTeamCountry "GER"]
[BlackTeamCountry "GER"]

1. e4 e6 2. d4 d5 3. e5 c5 4. c3 Nc6 5. Nf3 Nge7 6. a3 cxd4 7. cxd4 Nf5 8. b4 Nh4 9. Bb2 Bd7 10. Bd3 Nxg2+ 11. Kf1 Nf4 12. Rg1 g6 13. Nc3 a6 14. Ne2 Nxd3 15. Qxd3 Bg7 16. h4 Ne7 17. a4 h5 18. Bc1 Nf5 19. Bg5 Qb6 20. Qd2 Rc8 21. Rc1 Rxc1+ 22. Qxc1 0-0 23. Nf4 Qxb4 24. Nxh5 gxh5 25. Kg2 Nxd4 26. Bf6 Ne2 27. Qg5 Qg4+ 28. Kh2 0-1

[Event "Mittelrhein Verbandsliga-S 17/18"]
[Site "Nordrheinwestfalen"]
[Date "2018.02.25"]
[Round "8.7"]
[White "Mersch, Peter Daniel"]
[Black "Froitzheim, Ralf"]
[Result "1/2-1/2"]
[WhiteElo "1749"]
[BlackElo "1789"]
[PlyCount "86"]
[EventDate "2017.09.10"]
[EventType "team-tourn"]
[EventRounds "11"]
[EventCountry "GER"]
[SourceTitle "EXT 2022"]
[Source "ChessBase"]
[SourceDate "2021.10.06"]
[SourceVersion "1"]
[SourceVersionDate "2021.10.06"]
[SourceQuality "1"]
[WhiteTeam "Koeln SF III"]
[BlackTeam "Niederkassel II"]
[WhiteTeamCountry "GER"]
[BlackTeamCountry "GER"]

1. e4 c6 2. d4 d5 3. Nc3 dxe4 4. Nxe4 Nf6 5. Ng3 Bg4 6. Nf3 e6 7. Bf4 Bd6 8. Bxd6 Qxd6 9. c3 Nbd7 10. Be2 0-0 11. 0-0 Rad8 12. Qc2 Qc7 13. Rfd1 Rfe8 14. h3 Bxf3 15. Bxf3 Nf8 16. Rd2 Ng6 17. Rad1 Nh4 18. Be4 Nxe4 19. Nxe4 Nf5 20. Ng5 Qf4 21. Nf3 Nh4 22. Rd3 Nxf3+ 23. Rxf3 Qc7 24. Rfd3 h6 25. Qe2 Rd5 26. c4 Rf5 27. Re3 Rd8 28. Red3 a6 29. Qe3 Qf4 30. Qxf4 Rxf4 31. g3 Rf5 32. Kf1 Rh5 33. g4 Ra5 34. a3 h5 35. b4 Rg5 36. f4 Rg6 37. g5 h4 38. Kf2 f6 39. Rg1 Kf7 40. gxf6 Rxg1 41. Kxg1 Kxf6 42. Kf2 Kf5 43. Kf3 b5 1/2-1/2

[Event "Cologne Longerich op-B 12th"]
[Site "Cologne"]
[Date "2013.07.22"]
[Round "4"]
[White "Hiendl, David"]
[Black "Mersch, Peter Daniel"]
[Result "1-0"]
[WhiteElo "1603"]
[BlackElo "1330"]
[PlyCount "55"]
[EventDate "2013.07.19"]
[EventType "tourn"]
[EventRounds "5"]
[EventCountry "GER"]
[SourceTitle "EXT 2017"]
[Source "ChessBase"]
[SourceDate "2016.10.25"]
[SourceVersion "1"]
[SourceVersionDate "2016.10.25"]
[SourceQuality "1"]

1. e4 e5 2. Nf3 Nc6 3. Bc4 Bc5 4. c3 Nf6 5. Ng5 0-0 6. b4 Bb6 7. d3 d6 8. a4 a5 9. b5 Ne7 10. Qb3 d5 11. exd5 Nexd5 12. 0-0 h6 13. Nf3 Re8 14. Re1 Qd6 15. Nbd2 Bf5 16. Ne4 Qd7 17. Nxf6+ Nxf6 18. Nxe5 Kh7 19. Ba3 Qd8 20. Bxf7 Bxf2+ 21. Kxf2 Ng4+ 22. Nxg4 Qh4+ 23. g3 Qxg4 24. Bxe8 Qh3 25. Kg1 Rd8 26. d4 h5 27. Qf7 Kh6 28. Bc1+ 1-0

[Event "Cologne Longerich op-B 12th"]
[Site "Cologne"]
[Date "2013.07.22"]
[Round "5"]
[White "Mersch, Peter Daniel"]
[Black "Kuehlwein, Ralf"]
[Result "0-1"]
[WhiteElo "1330"]
[BlackElo "1553"]
[PlyCount "86"]
[EventDate "2013.07.19"]
[EventType "tourn"]
[EventRounds "5"]
[EventCountry "GER"]
[SourceTitle "EXT 2017"]
[Source "ChessBase"]
[SourceDate "2016.10.25"]
[SourceVersion "1"]
[SourceVersionDate "2016.10.25"]
[SourceQuality "1"]

1. e4 c5 2. Nf3 d6 3. d4 cxd4 4. Nxd4 Nf6 5. Nc3 a6 6. Bc4 e6 7. 0-0 b5 8. Bb3 Be7 9. f4 e5 10. Nf3 Qb6+ 11. Kh1 Qc5 12. f5 Bb7 13. Re1 Ng4 14. Qe2 Nf2+ 15. Kg1 Nxe4+ 16. Be3 Nxc3 17. Bxf7+ Kxf7 18. Ng5+ Bxg5 19. Qh5+ g6 20. fxg6+ hxg6 21. Qxg5 Qc6 22. Rf1+ Ke8 23. Qxg6+ Kd8 24. bxc3 Nd7 25. Rad1 Kc7 26. Rf7 Rag8 27. Rg7 Rxg7 28. Qxg7 Qe4 29. Rd3 Rh6 30. Qg3 Rg6 31. Qh3 Qxg2+ 32. Qxg2 Rxg2+ 33. Kf1 Rxc2 34. Rd2 Rxc3 35. Ke2 Nf6 36. h4 Ne4 37. Rd1 Rc2+ 38. Ke1 Ng3 39. Bd2 Rxa2 40. Rc1+ Kd7 41. Bg5 Rh2 42. Bf6 Rh1+ 43. Kd2 Ne4+ 0-1

[Event "GER-ch Net qual4 U14"]
[Site "Playchess.com INT"]
[Date "2012.09.12"]
[Round "6"]
[White "Pichlmeier, Matthias"]
[Black "Mersch, Peter Daniel"]
[Result "1-0"]
[WhiteElo "1332"]
[BlackElo "1122"]
[PlyCount "61"]
[EventDate "2012.09.12"]
[EventType "swiss (blitz)"]
[EventRounds "7"]
[EventCountry "GER"]
[SourceTitle "CBM 150 Extra"]
[Source "ChessBase"]
[SourceDate "2012.10.19"]
[SourceVersion "1"]
[SourceVersionDate "2012.10.19"]
[SourceQuality "1"]

1. e4 e5 2. Nf3 Nc6 3. Bc4 Bc5 4. c3 Nf6 5. d4 exd4 6. cxd4 Bb6 7. e5 Ng4 8. Bg5 f6 9. exf6 Nxf6 10. 0-0 d5 11. Re1+ Ne7 12. Bb5+ c6 13. Ba4 0-0 14. Nbd2 Bg4 15. h3 Bh5 16. Nf1 Nf5 17. g4 Nxd4 18. Nxd4 Bxd4 19. Qxd4 Bg6 20. Ng3 h6 21. Bd2 Re8 22. Rxe8+ Qxe8 23. Re1 Qf7 24. b4 Re8 25. b5 Rxe1+ 26. Bxe1 cxb5 27. Bxb5 a6 28. Bd3 Bxd3 29. Qxd3 Qe7 30. Qd2 Ne4 31. Qxd5+ 1-0

[Event "GER-ch Net qual3 U14"]
[Site "Playchess.com INT"]
[Date "2012.09.08"]
[Round "3"]
[White "Mersch, Peter Daniel"]
[Black "Massold, Timo"]
[Result "1-0"]
[WhiteElo "1066"]
[BlackElo "1243"]
[PlyCount "113"]
[EventDate "2012.09.08"]
[EventType "swiss (blitz)"]
[EventRounds "7"]
[EventCountry "GER"]
[SourceTitle "CBM 150 Extra"]
[Source "ChessBase"]
[SourceDate "2012.10.19"]
[SourceVersion "1"]
[SourceVersionDate "2012.10.19"]
[SourceQuality "1"]

1. e4 c6 2. d4 d5 3. exd5 cxd5 4. Bb5+ Nc6 5. Nf3 a6 6. Ba4 b5 7. Bb3 Nf6 8. Bg5 Bg4 9. h3 Bxf3 10. gxf3 e6 11. Nd2 h6 12. Bh4 Be7 13. c3 b4 14. Ba4 Rc8 15. Rc1 0-0 16. Nb3 bxc3 17. Rxc3 Nb4 18. Rxc8 Qxc8 19. a3 Nc2+ 20. Ke2 Qc4+ 21. Qd3 Rc8 22. Qxc4 Rxc4 23. Bxf6 Bxf6 24. Bd7 Bxd4 25. Na5 Rc7 26. Kd3 Bxb2 27. a4 Nb4+ 28. Kd2 Rxd7 29. Kd1 Rc7 30. Ke2 Rc2+ 31. Ke3 Bc1+ 32. Kd4 Rc4+ 33. Nxc4 dxc4 34. Kxc4 Nd5 35. Rxc1 f6 36. Kd4 Nb4 37. Rc8+ Kh7 38. Re8 Nc6+ 39. Kc5 Ne5 40. Rxe6 Nxf3 41. Rxa6 Nd2 42. Ra7 Nb3+ 43. Kb4 Nd4 44. Kc5 Nb3+ 45. Kb6 Nd4 46. a5 h5 47. a6 Ne6 48. Re7 Nd8 49. a7 Kh6 50. a8Q Nf7 51. Rxf7 Kg6 52. Qe8 Kf5 53. Rxg7 h4 54. Qh5+ Ke6 55. Qf7+ Kf5 56. Qd5+ Kf4 57. Rg4# 1-0

[Event "GER-ch Net qual1 U14"]
[Site "Playchess.com INT"]
[Date "2012.09.01"]
[Round "1"]
[White "Mersch, Peter Daniel"]
[Black "Rempe, Moritz"]
[Result "0-1"]
[WhiteElo "1032"]
[BlackElo "1537"]
[PlyCount "80"]
[EventDate "2012.09.01"]
[EventType "swiss (blitz)"]
[EventRounds "7"]
[EventCountry "GER"]
[SourceTitle "CBM 150 Extra"]
[Source "ChessBase"]
[SourceDate "2012.10.19"]
[SourceVersion "1"]
[SourceVersionDate "2012.10.19"]
[SourceQuality "1"]

1. e4 e6 2. d4 d5 3. Nd2 Nf6 4. e5 Nfd7 5. Bb5 c6 6. Ba4 b5 7. Bb3 a5 8. a4 b4 9. Ndf3 Ba6 10. Ne2 Be7 11. 0-0 f6 12. exf6 Nxf6 13. Re1 Bxe2 14. Qxe2 Ne4 15. Nd2 Nxd2 16. Bxd2 Qd7 17. Qxe6 Qxe6 18. Rxe6 Kf7 19. Ree1 Re8 20. c3 Nd7 21. cxb4 Bxb4 22. Bxb4 axb4 23. Rxe8 Rxe8 24. a5 Ra8 25. Bc2 g6 26. Bd1 Nf6 27. f3 Ne8 28. Kf2 Nd6 29. Ke2 Nc4 30. a6 Nxb2 31. Kd2 Nc4+ 32. Kc2 Ne3+ 33. Kd2 Nf5 34. Be2 Nxd4 35. Kd3 Nxe2 36. Kxe2 Ke6 37. Kd2 Kd6 38. Kc2 c5 39. a7 Kc6 40. Ra6+ Kb5 0-1